000 nam a22 a 4500
999 _c1129
_d1129
003 AKMAL
005 20170508142052.0
008 170508s2007 my | e | 000 0 may d
020 _a9789833707089 (kkt.) :
_cRM16.50
039 9 _a201012161139
_bshuhada
_c201004091112
_dsuzila
_c200808011042
_dpraba
_c200807011140
_ddaniel
040 _aAKMAL
_cAKMAL
049 _aklpmal
082 0 4 _a297.44 HAM
_222
090 0 0 _a297.44
_bHAM
090 2 0 _a297.44
_bHAM
100 0 _aHamka,
_d1908-1981
_91638
245 1 0 _aPeribadi /
_cHamka
260 _aShah Alam :
_bPustaka Dini,
_c2007
300 _aiii, 203ms. ;
_c20cm.
650 1 0 _aIslamic ethics
_91621
650 2 0 _aReligious life
_xIslam
_9819
942 _2ddc
_cBOOK